[Event "Las Palmas San Mateo CC op 1st"]
[Site "Las Palmas"]
[Date "2023.12.09"]
[Round "9"]
[White "Almenares Garcia, Mario Adrian"]
[Black "Arribas Lopez, Sara"]
[Result "1/2-1/2"]
[WhiteElo "2000"]
[BlackElo "1637"]
[PlyCount "130"]
[EventDate "2023.12.04"]
[EventType "swiss"]
[EventRounds "9"]
[EventCountry "ESP"]
[SourceTitle "CB50_2023"]
[SourceDate "2023.12.13"]
[SourceVersion "1"]
[SourceVersionDate "2023.12.13"]
[SourceQuality "1"]

1. e3 d5 2. g3 e5 3. Bg2 Nf6 4. d4 e4 5. Ne2 c6 6. c4 Bb4+ 7. Bd2 Bd6 8. h3 h5 9. Nbc3 a6 10. Qb3 Bc7 11. cxd5 cxd5 12. f3 exf3 13. Bxf3 Ne4 14. Nxe4 dxe4 15. Bxe4 Qe7 16. Bg2 g5 17. Rf1 Nc6 18. e4 f5 19. e5 h4 20. gxh4 gxh4 21. 0-0-0 a5 22. Qb5 Ra6 23. Nf4 Rb6 24. Qc4 Nb4 25. a3 Na6 26. Nd5 Be6 27. Nxc7+ Nxc7 28. Qa4+ Nb5 29. d5 Qc5+ 30. Kb1 Bd7 31. Ka1 Nd4 32. Rc1 Bxa4 33. Rxc5 Nb3+ 34. Ka2 Nxc5 35. Be3 Bb3+ 36. Kb1 Rg6 37. Bh1 Ne4 38. Rc1 0-0 39. d6 Be6 40. Rc7 Rg7 41. Rc1 Rc8 42. Rd1 Ng3 43. Bf3 f4 44. Bb6 Nf5 45. Bd5 Bxd5 46. Rxd5 Ne3 47. d7 Rd8 48. Bxd8 Nxd5 49. e6 Kh7 50. Bxh4 Rg8 51. d8Q Rxd8 52. Bxd8 f3 53. Bh4 Kg6 54. Kc2 Nf4 55. e7 Kf7 56. Kd2 b5 57. b3 Ke8 58. a4 bxa4 59. bxa4 Nxh3 60. Ke3 f2 61. Bxf2 Nxf2 62. Kxf2 Kxe7 63. Ke3 Kd6 64. Kd4 Kc6 65. Kc4 Kb6 1/2-1/2

[Event "Las Palmas San Mateo CC op 1st"]
[Site "Las Palmas"]
[Date "2023.12.05"]
[Round "3"]
[White "Almenares Garcia, Mario Adrian"]
[Black "Espinel Rosales, Yeremay Javier"]
[Result "1-0"]
[WhiteElo "2000"]
[BlackElo "1514"]
[PlyCount "109"]
[EventDate "2023.12.04"]
[EventType "swiss"]
[EventRounds "9"]
[EventCountry "ESP"]
[SourceTitle "CB50_2023"]
[SourceDate "2023.12.13"]
[SourceVersion "1"]
[SourceVersionDate "2023.12.13"]
[SourceQuality "1"]

1. e3 c5 2. g3 Nc6 3. Bg2 Nf6 4. Ne2 d5 5. 0-0 Bf5 6. h3 e6 7. d3 Bd6 8. Nbc3 Bg6 9. b3 0-0 10. Bb2 a6 11. Re1 Rc8 12. e4 d4 13. Nb1 e5 14. g4 h5 15. Ng3 hxg4 16. hxg4 Kh7 17. Nd2 b5 18. Bf3 Rh8 19. Kg2 Kg8 20. a4 Qd7 21. axb5 axb5 22. Rh1 Nb4 23. Rxh8+ Kxh8 24. g5 Nh7 25. Bg4 Qd8 26. Bxc8 Qxc8 27. Nf3 Qd8 28. c3 dxc3 29. Bxc3 Nxg5 30. Nxg5 Qxg5 31. Ra8+ Kh7 32. Bd2 Qh4 33. Bxb4 cxb4 34. Qh1 Qxh1+ 35. Kxh1 Bc5 36. Kg2 Bd4 37. Rb8 f6 38. Rxb5 Bc3 39. Rb7 Kh6 40. Ne2 Bd2 41. Rc7 Bh5 42. f3 g5 43. d4 g4 44. fxg4 Bxg4 45. d5 Bxe2 46. d6 Be3 47. d7 Bb6 48. d8Q Be3 49. Kg3 Bb5 50. Kg2 Bd2 51. Qd7 Bxd7 52. Rxd7 Bc3 53. Kg3 Kg5 54. Rg7+ Kh6 55. Rg4 1-0

[Event "Tenerife-chT Preferente"]
[Site "Tenerife"]
[Date "2023.03.25"]
[Round "9.2"]
[White "Martin Luis, Cesar"]
[Black "Almenares Garcia, Mario Adrian"]
[Result "1/2-1/2"]
[WhiteElo "2027"]
[BlackElo "1979"]
[PlyCount "92"]
[EventDate "2023.01.14"]
[EventType "team-tourn"]
[EventRounds "14"]
[EventCountry "ESP"]
[SourceTitle "EXT 2024"]
[Source "ChessBase"]
[SourceDate "2023.10.10"]
[SourceVersion "1"]
[SourceVersionDate "2023.10.10"]
[SourceQuality "1"]
[WhiteTeam "Rey Ahogado"]
[BlackTeam "El Sauzal Libreria Barco"]
[WhiteTeamCountry "ESP"]
[BlackTeamCountry "ESP"]

1. d4 Nf6 2. c4 c5 3. d5 g6 4. Nc3 Bg7 5. Nf3 d6 6. e4 0-0 7. Be2 Na6 8. 0-0 Bd7 9. h3 Nc7 10. Bf4 a6 11. a4 Rb8 12. e5 Nfe8 13. a5 b5 14. axb6 Rxb6 15. Qd2 Qb8 16. Ra2 Bf5 17. Re1 Rb4 18. Bf1 Qd8 19. Ne4 Bxe4 20. Rxe4 Qd7 21. Bh6 e6 22. Bxg7 Nxg7 23. dxe6 Ncxe6 24. exd6 Rd8 25. Re5 Qxd6 26. Rd5 Qb8 27. Rxa6 Rxb2 28. Rxd8+ Nxd8 29. Qd5 Nge6 30. Ra8 Qc7 31. Ng5 Rb8 32. Rxb8 Qxb8 33. Ne4 Nb7 34. g3 Kg7 35. h4 Qc7 36. Bh3 Nd4 37. Nxc5 Qxc5 38. Qxb7 Qxc4 39. Qb2 f6 40. Bg2 Qd3 41. Qb7+ Kh6 42. Qe4 Qd1+ 43. Kh2 f5 44. Qe3+ Kg7 45. Qe7+ Kh6 46. Qg5+ Kg7 1/2-1/2

[Event "Canarias-chT"]
[Site "San Cristobal de La Laguna"]
[Date "2017.06.23"]
[Round "3.2"]
[White "Perez Garcia, Saul"]
[Black "Almenares Garcia, Mario Adrian"]
[Result "0-1"]
[WhiteElo "1755"]
[BlackElo "2072"]
[PlyCount "64"]
[EventDate "2017.06.22"]
[EventType "team-swiss"]
[EventRounds "6"]
[EventCountry "ESP"]
[SourceTitle "EXT 2024"]
[Source "ChessBase"]
[SourceDate "2023.10.10"]
[SourceVersion "1"]
[SourceVersionDate "2023.10.10"]
[SourceQuality "1"]
[WhiteTeam "Ebano Casa Venezuela II"]
[BlackTeam "El Sauzal"]
[WhiteTeamCountry "ESP"]
[BlackTeamCountry "ESP"]

1. d4 Nf6 2. Bg5 Ne4 3. Bf4 c6 4. f3 Nf6 5. e4 Qb6 6. Nc3 e6 7. Bc4 Qxb2 8. Nge2 d5 9. Bd3 Qb6 10. 0-0 Qd8 11. exd5 exd5 12. Ng3 Be7 13. Rb1 0-0 14. Qd2 g6 15. Be5 Nbd7 16. f4 Ne8 17. f5 Nxe5 18. dxe5 Bg5 19. Qe2 Ng7 20. e6 gxf5 21. Nxf5 fxe6 22. Nxg7 Kxg7 23. Qh5 Rf5 24. Bxf5 exf5 25. Rfe1 b5 26. Re8 Qf6 27. Rbe1 b4 28. Nd1 Qg6 29. Qe2 a5 30. Qe5+ Kh6 31. Qc7 Bh4 32. Rf1 Qxe8 0-1

[Event "Tenerife-chT Preferente 1617"]
[Site "Tenerife"]
[Date "2016.12.17"]
[Round "2.2"]
[White "Almenares Garcia, Mario Adrian"]
[Black "Schneider Sanchez, Carlos Domingo"]
[Result "1/2-1/2"]
[WhiteElo "2077"]
[BlackElo "2038"]
[PlyCount "53"]
[EventDate "2016.12.10"]
[EventType "team-tourn"]
[EventRounds "14"]
[EventCountry "ESP"]
[SourceTitle "CBM 176 Extra"]
[Source "ChessBase"]
[SourceDate "2017.03.02"]
[SourceVersion "1"]
[SourceVersionDate "2017.03.02"]
[SourceQuality "1"]
[WhiteTeam "El Sauzal"]
[BlackTeam "Rey Ahogado"]
[WhiteTeamCountry "ESP"]
[BlackTeamCountry "ESP"]

1. e4 e6 2. Nf3 d5 3. exd5 exd5 4. d4 Nc6 5. Bd3 Bd6 6. 0-0 Nge7 7. Bg5 Bg4 8. c3 Qd7 9. Nbd2 Bf5 10. Qc2 f6 11. Bxf5 Qxf5 12. Qxf5 Nxf5 13. Bh4 0-0-0 14. Rfe1 Rde8 15. Bg3 g5 16. Nf1 h5 17. Rxe8+ Rxe8 18. Re1 Rxe1 19. Nxe1 Kd7 20. Nd3 b6 21. Bxd6 Kxd6 22. b4 a5 23. bxa5 Nxa5 24. f4 Nc4 25. fxg5 fxg5 26. Kf2 Ke6 27. g3 1/2-1/2

[Event "Fuerteventura op 1st"]
[Site "Fuerteventura"]
[Date "2016.10.01"]
[Round "5"]
[White "Almenares Garcia, Mario Adrian"]
[Black "Guerra Arrocha, Daniel"]
[Result "1-0"]
[WhiteElo "2048"]
[BlackElo "1972"]
[PlyCount "103"]
[EventDate "2016.09.30"]
[EventType "swiss"]
[EventRounds "7"]
[EventCountry "ESP"]
[SourceTitle "EXT 2017"]
[Source "ChessBase"]
[SourceDate "2016.10.25"]
[SourceVersion "1"]
[SourceVersionDate "2016.10.25"]
[SourceQuality "1"]

1. d4 Nf6 2. Nf3 g6 3. g3 Bg7 4. Bg2 0-0 5. 0-0 d6 6. c4 c6 7. Nc3 Qa5 8. h3 Be6 9. Nd2 Nfd7 10. Nb3 Qh5 11. g4 Qh4 12. d5 Bxg4 13. hxg4 Qxg4 14. e4 Qh4 15. Nd4 Ne5 16. Nf3 Nxf3+ 17. Qxf3 Nd7 18. Qf4 Qxf4 19. Bxf4 Nb6 20. c5 dxc5 21. dxc6 bxc6 22. e5 Nc4 23. Bxc6 Rac8 24. Nd5 Rb8 25. Nxe7+ Kh8 26. b3 Nxe5 27. Bg2 Rbe8 28. Nd5 Nd3 29. Rad1 Nxf4 30. Nxf4 Be5 31. Nd3 Bd4 32. Rc1 Re2 33. a4 Rc8 34. Bd5 Kg7 35. Bc4 Re4 36. Kg2 h5 37. Rfe1 Rg4+ 38. Kf3 Rc6 39. Re7 Rf6+ 40. Ke2 h4 41. Rh1 a5 42. Rh2 g5 43. Ra7 Re4+ 44. Kd2 h3 45. Rxh3 Bxf2 46. Nxf2 Rxf2+ 47. Kd3 Rd4+ 48. Ke3 Rff4 49. Rf3 Rde4+ 50. Kf2 Rxf3+ 51. Kxf3 Rf4+ 52. Kg3 1-0

[Event "Tenerife-chT Primera 1516"]
[Site "Tenerife"]
[Date "2016.04.09"]
[Round "12.2"]
[White "Almenares Garcia, Mario Adrian"]
[Black "Reyes Lopez, Angel"]
[Result "1-0"]
[WhiteElo "2075"]
[BlackElo "1282"]
[PlyCount "79"]
[EventDate "2015.12.12"]
[EventType "team-tourn"]
[EventRounds "14"]
[EventCountry "ESP"]
[SourceTitle "EXT 2017"]
[Source "ChessBase"]
[SourceDate "2016.10.25"]
[SourceVersion "1"]
[SourceVersionDate "2016.10.25"]
[SourceQuality "1"]
[WhiteTeam "Achinet Gambito de Rey"]
[BlackTeam "Laguna Cotelec II"]
[WhiteTeamCountry "ESP"]
[BlackTeamCountry "ESP"]

1. e4 e6 2. Nf3 d5 3. exd5 exd5 4. d4 Bg4 5. Be2 Bd6 6. c3 Nc6 7. Be3 Qd7 8. Nbd2 0-0-0 9. h3 Bh5 10. b4 Nh6 11. b5 Ne7 12. g4 Bg6 13. c4 dxc4 14. Bxc4 f6 15. Qa4 Kb8 16. d5 b6 17. Nd4 Ka8 18. Nc6 Nxc6 19. bxc6 Qe7 20. Qa6 Rb8 21. Kf1 Nf7 22. Re1 Ne5 23. Be2 Bf7 24. Qb5 Bc5 25. Bc4 Nxc4 26. Qxc4 Qd6 27. Ne4 Qxd5 28. Qxd5 Bxd5 29. Nxc5 bxc5 30. Rh2 Rhe8 31. f3 Bxc6 32. Rc2 Bxf3 33. Rxc5 c6 34. Ra5 Rb7 35. Kf2 Bd5 36. Bxa7 Rb2+ 37. Kg3 Rg2+ 38. Kf4 g5+ 39. Kf5 Rf2+ 40. Bxf2+ 1-0

[Event "Tenerife-chT Primera 1516"]
[Site "Tenerife"]
[Date "2016.04.02"]
[Round "11.2"]
[White "Rodriguez Sabater, Lucia Iris"]
[Black "Almenares Garcia, Mario Adrian"]
[Result "0-1"]
[WhiteElo "1544"]
[BlackElo "2075"]
[PlyCount "98"]
[EventDate "2015.12.12"]
[EventType "team-tourn"]
[EventRounds "14"]
[EventCountry "ESP"]
[SourceTitle "EXT 2017"]
[Source "ChessBase"]
[SourceDate "2016.10.25"]
[SourceVersion "1"]
[SourceVersionDate "2016.10.25"]
[SourceQuality "1"]
[WhiteTeam "El Sauzal II"]
[BlackTeam "Achinet Gambito de Rey"]
[WhiteTeamCountry "ESP"]
[BlackTeamCountry "ESP"]

1. e4 e5 2. Nf3 Nc6 3. Nc3 Nf6 4. Bc4 Be7 5. 0-0 0-0 6. d3 d6 7. h3 Na5 8. Bb3 Nxb3 9. axb3 h6 10. Be3 c5 11. Qd2 Kh7 12. Ne2 Be6 13. Ra3 Qc8 14. Ng3 Ng8 15. c3 g6 16. d4 Qc7 17. d5 Bd7 18. Nh2 f5 19. f4 exf4 20. Rxf4 g5 21. Rxf5 Bxf5 22. Nxf5 Bf6 23. Ng4 Rfe8 24. Nfxh6 Bg7 25. Nf5 Rxe4 26. Bxg5 Qd7 27. Nxg7 Kxg7 28. Bh6+ Kh7 29. Qd3 Qf5 30. Be3 Qg6 31. Qd2 Rxg4 32. hxg4 Nf6 33. Ra4 Nxg4 34. Bg5 Qb1+ 35. Qc1 Qxc1+ 36. Bxc1 Nf6 37. Rh4+ Kg6 38. Rh6+ Kf5 39. c4 Re8 40. Kf1 Rf8 41. Rh3 Re8 42. Rf3+ Kg6 43. Rg3+ Kf7 44. Rf3 Kg7 45. Bh6+ Kg6 46. Bc1 b5 47. Rg3+ Kf7 48. Bh6 Ne4 49. Rf3+ Kg6 0-1

[Event "Tenerife-chT Primera 1516"]
[Site "Tenerife"]
[Date "2016.03.12"]
[Round "10.2"]
[White "Almenares Garcia, Mario Adrian"]
[Black "Mendez Acosta, Alexander Jesus"]
[Result "0-1"]
[WhiteElo "2075"]
[BlackElo "1811"]
[PlyCount "86"]
[EventDate "2015.12.12"]
[EventType "team-tourn"]
[EventRounds "14"]
[EventCountry "ESP"]
[SourceTitle "EXT 2017"]
[Source "ChessBase"]
[SourceDate "2016.10.25"]
[SourceVersion "1"]
[SourceVersionDate "2016.10.25"]
[SourceQuality "1"]
[WhiteTeam "Achinet Gambito de Rey"]
[BlackTeam "Los Realejos Shah Mat"]
[WhiteTeamCountry "ESP"]
[BlackTeamCountry "ESP"]

1. d4 Nf6 2. c4 g6 3. Nc3 Bg7 4. e4 d6 5. Nf3 0-0 6. h3 Nc6 7. Bg5 h6 8. Be3 e5 9. d5 Ne7 10. Qd2 Kh7 11. Bd3 Nd7 12. g4 b6 13. 0-0-0 Nc5 14. Bc2 a5 15. Rdg1 Ba6 16. b3 c6 17. dxc6 Nxc6 18. Rd1 Qc8 19. Rhg1 Rd8 20. h4 Rb8 21. h5 g5 22. Nd5 f6 23. Nh2 b5 24. cxb5 Bxb5 25. Kb1 a4 26. b4 Ne6 27. Rc1 Qb7 28. a3 Ncd4 29. Bxd4 Nxd4 30. f4 Ne2 31. fxg5 fxg5 32. Rge1 Nxc1 33. Qxc1 Rbc8 34. Qd1 Qa7 35. Nf1 Rf8 36. Nfe3 Rf2 37. Rg1 Qd4 38. Qxd4 exd4 39. e5+ Kh8 40. Bf5 dxe3 41. Bxc8 Bd3+ 42. Kc1 Rc2+ 43. Kd1 e2+ 0-1

[Event "Tenerife-chT Preferente"]
[Site "Tenerife"]
[Date "2015.04.18"]
[Round "9.3"]
[White "Almenares Garcia, Mario Adrian"]
[Black "Fernandez Manrique, Agustin"]
[Result "1/2-1/2"]
[WhiteElo "2096"]
[BlackElo "2202"]
[PlyCount "98"]
[EventDate "2015.01.24"]
[EventType "swiss"]
[EventRounds "14"]
[EventCountry "ESP"]
[SourceTitle "EXT 2024"]
[Source "ChessBase"]
[SourceDate "2023.10.10"]
[SourceVersion "1"]
[SourceVersionDate "2023.10.10"]
[SourceQuality "1"]
[WhiteTeam "Ebano Casa Venezuela"]
[BlackTeam "Rey Ahogado"]
[WhiteTeamCountry "ESP"]
[BlackTeamCountry "ESP"]

1. d4 Nf6 2. c4 g6 3. Nf3 Bg7 4. Nc3 0-0 5. e4 d6 6. Be2 e5 7. dxe5 dxe5 8. Qxd8 Rxd8 9. Bg5 Re8 10. Nd5 Nxd5 11. cxd5 c6 12. dxc6 Nxc6 13. Bb5 Be6 14. Bd2 Rec8 15. Bxc6 Rxc6 16. Bc3 f6 17. 0-0 Bf8 18. h3 b5 19. a3 a5 20. Rfc1 Rac8 21. Bd2 Rxc1+ 22. Rxc1 Rxc1+ 23. Bxc1 Bc4 24. Be3 b4 25. axb4 Bxb4 26. Bd2 Bd3 27. Bxb4 axb4 28. Nd2 Kf7 29. f3 f5 30. Kf2 fxe4 31. fxe4 Kf6 32. Ke3 Bc2 33. Nf3 h6 34. Ne1 Bb1 35. g3 g5 36. Nd3 b3 37. Nb4 h5 38. h4 gxh4 39. gxh4 Ke6 40. Nd5 Bc2 41. Nc7+ Kd7 42. Nb5 Kc6 43. Na3 Kc5 44. Nxc2 bxc2 45. Kd2 Kd4 46. Kxc2 Kxe4 47. Kd2 Kf3 48. b4 Kf2 49. Kd3 Kf3 1/2-1/2

[Event "Tenerife-chT Preferente"]
[Site "Tenerife"]
[Date "2015.03.21"]
[Round "7.2"]
[White "Almenares Garcia, Mario Adrian"]
[Black "Abreu Suarez, Isauro"]
[Result "1/2-1/2"]
[WhiteElo "2096"]
[BlackElo "2027"]
[PlyCount "36"]
[EventDate "2015.01.24"]
[EventType "swiss"]
[EventRounds "14"]
[EventCountry "ESP"]
[SourceTitle "EXT 2024"]
[Source "ChessBase"]
[SourceDate "2023.10.10"]
[SourceVersion "1"]
[SourceVersionDate "2023.10.10"]
[SourceQuality "1"]
[WhiteTeam "Ebano Casa Venezuela"]
[BlackTeam "Canaris 64"]
[WhiteTeamCountry "ESP"]
[BlackTeamCountry "ESP"]

1. e4 Nf6 2. Nc3 d5 3. exd5 Nxd5 4. Nxd5 Qxd5 5. d4 Nc6 6. Nf3 Bg4 7. Be2 0-0-0 8. c3 e5 9. 0-0 exd4 10. Nxd4 Bxe2 11. Qxe2 Nxd4 12. cxd4 Qxd4 13. Be3 Qd3 14. Qg4+ Qd7 15. Qf3 Qd5 16. Qg4+ Qd7 17. Qh5 Qd5 18. Qg4+ Qd7 1/2-1/2

[Event "Tenerife-chT Preferente"]
[Site "Tenerife"]
[Date "2015.02.07"]
[Round "3.2"]
[White "Villavicencio Martinez, Carlos Luis"]
[Black "Almenares Garcia, Mario Adrian"]
[Result "1/2-1/2"]
[WhiteElo "2086"]
[BlackElo "2096"]
[PlyCount "113"]
[EventDate "2015.01.24"]
[EventType "swiss"]
[EventRounds "14"]
[EventCountry "ESP"]
[SourceTitle "EXT 2024"]
[Source "ChessBase"]
[SourceDate "2023.10.10"]
[SourceVersion "1"]
[SourceVersionDate "2023.10.10"]
[SourceQuality "1"]
[WhiteTeam "Laguna Cotelec"]
[BlackTeam "Ebano Casa Venezuela"]
[WhiteTeamCountry "ESP"]
[BlackTeamCountry "ESP"]

1. d4 Nf6 2. c4 c5 3. Nf3 cxd4 4. Nxd4 g6 5. Nc3 Bg7 6. e4 d6 7. Be2 Nc6 8. Nc2 a6 9. 0-0 0-0 10. Bg5 h6 11. Bh4 Be6 12. Ne3 Rc8 13. Rc1 Qa5 14. f4 b5 15. cxb5 axb5 16. f5 Bxa2 17. fxg6 fxg6 18. Ra1 Qb6 19. Bf2 Bf7 20. Nf5 Qd8 21. Nxg7 b4 22. Nd5 Kxg7 23. Bb6 Qd7 24. Nxf6 exf6 25. Bd4 Nxd4 26. Qxd4 Qe7 27. Ra7 Qe5 28. Qxb4 Rc2 29. Ra5 Qxb2 30. Qxb2 Rxb2 31. Bf3 Rfb8 32. Ra7 Rd2 33. Re1 Rbb2 34. Kf1 Ra2 35. Rxa2 Rxa2 36. Rd1 Ra6 37. Rc1 f5 38. exf5 gxf5 39. h3 Kf6 40. Rc8 Ke5 41. Rf8 Bc4+ 42. Kf2 Kf4 43. Rf6 Kg5 44. Rf8 Ra3 45. Rd8 Rd3 46. Kg3 Rd4 47. h4+ Kf6 48. Rh8 Kg6 49. Rd8 Bb3 50. Rd7 Bd1 51. h5+ Kf6 52. Rh7 Bxf3 53. gxf3 Kg5 54. Rf7 f4+ 55. Kh3 Rd2 56. Rg7+ Kxh5 57. Rg5+ 1/2-1/2

[Event "Tenerife Navidad op 24th"]
[Site "Tenerife"]
[Date "2013.12.20"]
[Round "6"]
[White "Hernandez Leon, Alberto"]
[Black "Almenares Garcia, Mario Adrian"]
[Result "1/2-1/2"]
[WhiteElo "2250"]
[BlackElo "2043"]
[PlyCount "118"]
[EventDate "2013.12.13"]
[EventType "swiss"]
[EventRounds "9"]
[EventCountry "ESP"]
[SourceTitle "CBM 158 Extra"]
[Source "ChessBase"]
[SourceDate "2014.02.28"]
[SourceVersion "1"]
[SourceVersionDate "2014.02.28"]
[SourceQuality "1"]

1. d4 d6 2. e4 Nf6 3. Nc3 g6 4. g3 Bg7 5. Bg2 0-0 6. Nge2 c6 7. a4 Na6 8. h3 Bd7 9. 0-0 Rb8 10. Be3 Nb4 11. a5 Qc8 12. g4 Rd8 13. Ng3 c5 14. d5 Ne8 15. Qd2 b5 16. axb6 axb6 17. f4 Nc7 18. f5 Ra8 19. Rxa8 Qxa8 20. Bg5 Re8 21. f6 exf6 22. Bxf6 Re5 23. Bxg7 Kxg7 24. Qf4 Qf8 25. Rf2 f6 26. Nd1 Qe7 27. Ne3 b5 28. h4 Ne8 29. Bf1 c4 30. h5 Na6 31. Rh2 Rg5 32. hxg6 hxg6 33. Qf3 Qe5 34. Ne2 Kf7 35. Nf4 Nc5 36. Nh3 Nxe4 37. Bg2 f5 38. Nxg5+ Nxg5 39. Qf2 Nf6 40. gxf5 gxf5 41. Rh1 f4 42. Nf1 Ng4 43. Qa7 Kg6 44. Rh4 Bf5 45. Qb8 Bd7 46. Qg8+ Qg7 47. Qxg7+ Kxg7 48. Nh2 Nxh2 49. Kxh2 f3 50. Bf1 Bf5 51. c3 Kf6 52. Kg1 Ke5 53. Kf2 Be4 54. Rh5 Kf4 55. Rh4+ Ke5 56. Ke3 Bxd5 57. Rh5 Kf6 58. Rh6+ Ke5 59. Rh5 Kf6 1/2-1/2